|
|
|
|
| LEADER |
05481nam a22005775i 4500 |
| 001 |
978-3-540-75488-6 |
| 003 |
DE-He213 |
| 005 |
20151204191448.0 |
| 007 |
cr nn 008mamaa |
| 008 |
100301s2007 gw | s |||| 0|eng d |
| 020 |
|
|
|a 9783540754886
|9 978-3-540-75488-6
|
| 024 |
7 |
|
|a 10.1007/978-3-540-75488-6
|2 doi
|
| 040 |
|
|
|d GrThAP
|
| 050 |
|
4 |
|a B67
|
| 072 |
|
7 |
|a PDA
|2 bicssc
|
| 072 |
|
7 |
|a SCI075000
|2 bisacsh
|
| 082 |
0 |
4 |
|a 501
|2 23
|
| 245 |
1 |
0 |
|a Discovery Science
|h [electronic resource] :
|b 10th International Conference, DS 2007 Sendai, Japan, October 1-4, 2007. Proceedings /
|c edited by Vincent Corruble, Masayuki Takeda, Einoshin Suzuki.
|
| 264 |
|
1 |
|a Berlin, Heidelberg :
|b Springer Berlin Heidelberg,
|c 2007.
|
| 300 |
|
|
|a XI, 300 p.
|b online resource.
|
| 336 |
|
|
|a text
|b txt
|2 rdacontent
|
| 337 |
|
|
|a computer
|b c
|2 rdamedia
|
| 338 |
|
|
|a online resource
|b cr
|2 rdacarrier
|
| 347 |
|
|
|a text file
|b PDF
|2 rda
|
| 490 |
1 |
|
|a Lecture Notes in Computer Science,
|x 0302-9743 ;
|v 4755
|
| 505 |
0 |
|
|a Invited Papers -- Challenge for Info-plosion -- Machine Learning in Ecosystem Informatics -- Simple Algorithmic Principles of Discovery, Subjective Beauty, Selective Attention, Curiosity & Creativity -- A Theory of Similarity Functions for Learning and Clustering -- A Hilbert Space Embedding for Distributions -- Long Papers -- Time and Space Efficient Discovery of Maximal Geometric Graphs -- Iterative Reordering of Rules for Building Ensembles Without Relearning -- On Approximating Minimum Infrequent and Maximum Frequent Sets -- A Partially Dynamic Clustering Algorithm for Data Insertion and Removal -- Positivism Against Constructivism: A Network Game to Learn Epistemology -- Learning Locally Weighted C4.4 for Class Probability Estimation -- User Preference Modeling from Positive Contents for Personalized Recommendation -- Reducing Trials by Thinning-Out in Skill Discovery -- A Theoretical Study on Variable Ordering of Zero-Suppressed BDDs for Representing Frequent Itemsets -- Fast NML Computation for Naive Bayes Models -- Unsupervised Spam Detection Based on String Alienness Measures -- A Consequence Finding Approach for Full Clausal Abduction -- Literature-Based Discovery by an Enhanced Information Retrieval Model -- Discovering Mentorship Information from Author Collaboration Networks -- Active Contours as Knowledge Discovery Methods -- An Efficient Polynomial Delay Algorithm for Pseudo Frequent Itemset Mining -- Discovering Implicit Feedbacks from Search Engine Log Files -- Regular Papers -- Pharmacophore Knowledge Refinement Method in the Chemical Structure Space -- An Attempt to Rebuild C. Bernard’s Scientific Steps -- Semantic Annotation of Data Tables Using a Domain Ontology -- Model Selection and Estimation Via Subjective User Preferences -- Detecting Concept Drift Using Statistical Testing -- Towards Future Technology Projection: A Method for Extracting Capability Phrases from Documents -- Efficient Incremental Mining of Top-K Frequent Closed Itemsets -- An Intentional Kernel Function for RNA Classification -- Mining Subtrees with Frequent Occurrence of Similar Subtrees -- Semantic Based Real-Time Clustering for PubMed Literatures.
|
| 520 |
|
|
|a This volume contains the papers presented at DS-2007:The Tenth International Conference on Discovery Science held in Sendai, Japan, October 1–4, 2007. The main objective of the Discovery Science (DS) conference series is to p- vide an open forum for intensive discussions and the exchange of new ideas and information among researchers working in the area of automating scienti?c d- covery or working on tools for supporting the human process of discovery in science. It has been a successful arrangement in the past to co-locate the DS conference with the International Conference on Algorithmic Learning Theory (ALT). ThiscombinationofALTandDSallowsforacomprehensivetreatmentof the whole range, from theoretical investigations to practical applications. C- tinuing this tradition, DS 2007 was co-located with the 18th ALT conference (ALT 2007). The proceedings of ALT 2007 were published as a twin volume 4754 of the LNCS series. The International Steering Committee of the Discovery Science conference series provided important advice on a number of issues during the planning of Discovery Science 2007. The members of the Steering Committee are Einoshin Suzuki (Kyushu University, Chair), Achim G.
|
| 650 |
|
0 |
|a Philosophy.
|
| 650 |
|
0 |
|a Philosophy and science.
|
| 650 |
|
0 |
|a Database management.
|
| 650 |
|
0 |
|a Information storage and retrieval.
|
| 650 |
|
0 |
|a Artificial intelligence.
|
| 650 |
|
0 |
|a Application software.
|
| 650 |
1 |
4 |
|a Philosophy.
|
| 650 |
2 |
4 |
|a Philosophy of Science.
|
| 650 |
2 |
4 |
|a Artificial Intelligence (incl. Robotics).
|
| 650 |
2 |
4 |
|a Database Management.
|
| 650 |
2 |
4 |
|a Information Storage and Retrieval.
|
| 650 |
2 |
4 |
|a Computer Appl. in Administrative Data Processing.
|
| 650 |
2 |
4 |
|a Computer Appl. in Social and Behavioral Sciences.
|
| 700 |
1 |
|
|a Corruble, Vincent.
|e editor.
|
| 700 |
1 |
|
|a Takeda, Masayuki.
|e editor.
|
| 700 |
1 |
|
|a Suzuki, Einoshin.
|e editor.
|
| 710 |
2 |
|
|a SpringerLink (Online service)
|
| 773 |
0 |
|
|t Springer eBooks
|
| 776 |
0 |
8 |
|i Printed edition:
|z 9783540754879
|
| 830 |
|
0 |
|a Lecture Notes in Computer Science,
|x 0302-9743 ;
|v 4755
|
| 856 |
4 |
0 |
|u http://dx.doi.org/10.1007/978-3-540-75488-6
|z Full Text via HEAL-Link
|
| 912 |
|
|
|a ZDB-2-SCS
|
| 912 |
|
|
|a ZDB-2-LNC
|
| 950 |
|
|
|a Computer Science (Springer-11645)
|